Countries Closest to the Caspian Sea - Statistics

General Stats
  • This quiz has been taken 20 times
  • The average score is 18 of 20
Answer Stats
km Country miles % Correct
0 Iran 0
100%
0 Russia 0
100%
0 Turkmenistan 0
100%
303 Afghanistan 188
94%
99 Armenia 62
94%
0 Azerbaijan 0
94%
148 Georgia 92
94%
797 India 495
94%
396 Iraq 246
94%
0 Kazakhstan 0
94%
510 Kyrgyzstan 317
94%
606 Pakistan 376
94%
894 Syria 555
94%
199 Uzbekistan 123
94%
193 Turkey 120
89%
498 Ukraine 309
83%
1017 Israel 632
78%
1007 Jordan 625
78%
945 Lebanon 587
78%
703 Belarus 437
56%
No matching quizzes found
Score Distribution
Percent of People with Each Score
Percentile by Number Answered
Your Score History
You have not taken this quiz